Obfuscations of Taylor Swift Songs #2 - Statistics

General Stats
  • This quiz has been taken 31 times
  • The average score is 9 of 15
Answer Stats
Obfuscation Song Title % Correct
Those relatively large inland bodies of water the lakes
82%
That individual who has come to appear most fortunate The Lucky One
79%
Abbreviated version of an otherwise lengthy narrative long story short
75%
Motorized passenger conveyance to assist with absconding Getaway Car
71%
Deity which is known to be non-veracious False God
68%
I peer into the apertures possessed by other persons I Look in People's Windows
68%
Of a scale beyond that of the entirety of the heavens Bigger Than The Whole Sky
64%
Have we experienced the conclusion of a particular situation? Is It Over Now?
64%
An animal of the genus Equus which lacks pigment White Horse
64%
Use whatever means which you desire to refer to our current status Call It What You Want
61%
It is a capability of mine to perceive you I Can See You
57%
The duration of existence for a woman involved in theatrical performances The Life of a Showgirl
57%
An organ which is in a state of impeccability A Perfectly Good Heart
46%
The course by which my affection for you previously existed The Way I Loved You
36%
A locale within that sphere inhabited by ourselves A Place in this World
25%
No matching quizzes found
Score Distribution
Percent of People with Each Score
Percentile by Number Answered
Your Score History
You have not taken this quiz